| 000 | 00545nam a2200157 a 4500 | ||
|---|---|---|---|
| 001 | 000045521 | ||
| 005 | 20241206085814.0 | ||
| 008 | 150413s2008 dr a 000 0 spa d | ||
| 040 |
_aDO-SdBNP _bspa _cBNPHU |
||
| 082 |
_axxxx _bxxx |
||
| 110 | 1 |
_aRepública Dominicana. _bSecretaría de Estado de la Mujer _938238 |
|
| 245 | 1 | 0 | _a8 de marzo, 2008 día Internacional de la mujer. |
| 246 | 1 | 4 | _aPrimer manifiesto feminista dominicano |
| 260 |
_aSanto Domingo : _bSecretaría de Estado de la Mujer, _c2008. |
||
| 300 |
_a13 p. : _bil., retrs. ; _c22 cm. |
||
| 999 |
_c45010 _d45010 |
||